000
00276nam a22001217a 4500
003
OSt
005
20231130161930.0
040
_c
LCC
050
_a
H62.R472011
_b
C.1
245
_a
RESEARCH METHODS
260
_a
GRET BRITAIN
_b
UNIVERSITY OF LEICESTER
_c
2011
942
_2
ddc
_c
BK
_n
0
999
_c
208526
_d
208526